Návrh na zlepšenie personálneho marketingu v podniku VETROPACK NEMŠOVÁ s.r.o.

Enregistré dans:
Détails bibliographiques
Auteur principal: Litviková, Klára (Auteur)
Autres auteurs: Babčanová, Dagmar (Directeur de thèse)
Format: Manuscrit Livre
Langue:slovaque
Publié: 2019
Sujets:
Accès en ligne:http://is.stuba.sk/zp/portal_zp.pl?podrobnosti=153617
Tags: Ajouter un tag
Pas de tags, Soyez le premier à ajouter un tag!

MARC

LEADER 00000ntm a22000003a 4500
001 stuzp72990
003 SK-STU
005 20190615212220.2
007 ta
008 150427s2015----xo-----f-mn---000-0-slo-d
040 |a STU  |b slo 
041 0 |a slo 
100 1 |a Litviková, Klára  |u 064000  |k Z4  |4 aut  |U MTF Materiálovotechnologická fakulta  |T MTF Ústav priemyselného inžinierstva a manažmentu  |X 71815  |U M4000  |Y 84  |7 71815 
242 0 1 |a Proposal for improve personal marketing of enterprise Vetropack Nemsova Ltd.  |y eng 
245 1 0 |a Návrh na zlepšenie personálneho marketingu v podniku VETROPACK NEMŠOVÁ s.r.o. 
260 |c 2019 
650 4 |a riadenie ľudských zdrojov  |2 slo 
650 4 |a personálny marketing  |2 slo 
650 4 |a ľudské zdroje  |2 slo 
650 4 |a human resources  |2 eng 
650 4 |a management of human resources  |2 eng 
650 4 |a personal marketing  |2 eng 
700 1 |a Babčanová, Dagmar  |u 064000  |k Z1  |4 ths  |U MTF Materiálovotechnologická fakulta  |T MTF Ústav priemyselného inžinierstva a manažmentu  |X 2819  |U M4000  |Y 84  |7 A000002819 
856 4 |u http://is.stuba.sk/zp/portal_zp.pl?podrobnosti=153617 
996 |c M* DP-14051  |l MMSKP  |s P  |a 0  |w stuzp72990_0001